Địa lí 9

Nêu vị trí, vai trò của chương trình địa lí 9, mục đích, nội dung chương trình và sách giáo khoa. Hướng dẫn dạy những vấn đề cụ thể như địa lí dân cư, địa lí kinh tế, sự phân hóa lãnh thổ, địa lí địa phương....

Description complète

Enregistré dans:
Détails bibliographiques
Format: Livre
Langue:Undetermined
Publié: Hà Nội Giáo dục 2006
Sujets:
Tags: Ajouter un tag
Pas de tags, Soyez le premier à ajouter un tag!
Thư viện lưu trữ: Trung tâm Học liệu Trường Đại học Cần Thơ
LEADER 00913nam a2200205Ia 4500
001 CTU_106601
008 210402s9999 xx 000 0 und d
020 |c 9000 
082 |a 910.712 
082 |b Đ301/L9 
245 0 |a Địa lí 9 
245 0 |c Nguyễn Dược ... [et al.] 
260 |a Hà Nội 
260 |b Giáo dục 
260 |c 2006 
520 |a Nêu vị trí, vai trò của chương trình địa lí 9, mục đích, nội dung chương trình và sách giáo khoa. Hướng dẫn dạy những vấn đề cụ thể như địa lí dân cư, địa lí kinh tế, sự phân hóa lãnh thổ, địa lí địa phương. 
650 |a Geography 
650 |x Study and teaching 
904 |i Tuyến, Q. Hiếu (Tuyến sửa số pl 910.0712 thành 910.712) 
980 |a Trung tâm Học liệu Trường Đại học Cần Thơ